000 00854nam a2200301 a 4500
001 000002960
003 DO-SdBNP
005 20171109110250.0
007 000002960
008 090706s2000 dr ac 000 0 spa d
020 _a9993422215
040 _aBPMSU
_bspa
_cBPMSU
082 0 4 _a395
_bG887m, 2000
100 1 _aGrullón, Ana Silvia
245 1 0 _aMi propio tú /
_cAna Silvia Grullón.
250 _a2a ed.
260 _a[Santo Domingo] :
_bEl Nuevo Diario,
_c2000.
300 _a147 p. :
_bil., retrs.
650 4 _aETIQUETA
651 4 _aREPÚBLICA DOMINICANA
_xVIDA SOCIAL Y COSTRUMBRES
910 _aValidado. Control de calidad MFF
930 1 _l
_m
_8
_f
_p
_g
942 _2ddc
_cBK
945 _aInventariado / 2017 VM
956 _a
_b
_c
_l
_h
956 _a
_b
_c
_l
_h
956 _aVMATEO
_b10
_c20150910
_lBPMSU
_h00151
999 _c7606
_d7606